La esencia de la Filosofía (Registro nro. 4978)
[ vista simple ]
| 000 -LEADER | |
|---|---|
| fixed length control field | 01486 a2200205 4500 |
| 001 - CONTROL NUMBER | |
| control field | 50153 |
| 005 - DATE AND TIME OF LATEST TRANSACTION | |
| control field | 20260407155802.0 |
| 008 - FIXED-LENGTH DATA ELEMENTS--GENERAL INFORMATION | |
| fixed length control field | 260407a1952 arg spa d |
| 003 - CONTROL NUMBER IDENTIFIER | |
| control field | AR-UNSa-BCEJYS |
| 040 ## - CATALOGING SOURCE | |
| Original cataloging agency | AR-UNSa-BCEJYS |
| Language of cataloging | spa |
| Transcribing agency | AR-UNSa-BCEJYS |
| 080 ## - UNIVERSAL DECIMAL CLASSIFICATION NUMBER | |
| Universal Decimal Classification number | 101.1 |
| Common auxiliary subdivision | Naturaleza de la filosofía. La filosofía como ciencia. La filosofía como arte (pensamiento filosófico) |
| 100 1# - MAIN ENTRY--PERSONAL NAME | |
| Personal name | Dilthey, Wilhelm |
| 245 10 - TITLE STATEMENT | |
| Title | La esencia de la Filosofía |
| 250 ## - EDITION STATEMENT | |
| Edition statement | 2a. ed. |
| 264 #1 - PRODUCTION, PUBLICATION, DISTRIBUTION, MANUFACTURE, AND COPYRIGHT NOTICE | |
| Place of production, publication, distribution, manufacture | Buenos Aires : |
| Name of producer, publisher, distributor, manufacturer | Losada |
| Date of production, publication, distribution, manufacture, or copyright notice | 1952 |
| 300 ## - PHYSICAL DESCRIPTION | |
| Extent | 192 p. |
| 505 ## - FORMATTED CONTENTS NOTE | |
| Formatted contents note | Primera parte: Procedimiento histórico para la determinación de la esencia de la filosofía - I. Primeras determinaciones sobre el contenido general - II. Deducción histórica de los rasgos esenciales de la filosofía del complejo de los sistemas - III. Términos intermedios entre filosfía y religiosidad,literatura y poesía - Segunda parte: La esencia de la filosofía comprendida desde su posición en el mundo espiritual - I. Incorporación de la función de la filosofía en el complejo de la vida anímica,la sociedad y la historia - II. Teoría de la concepción del mundo.La religión y la poesía en sus relaciones con la filosofía - III. La concepción filosófica del mundo.El intento de elevar la concepción del mundo a validez universal - IV. Filosofía y ciencia - V. El concepto esencial de la filosofía.Perspectiva en su historia y su sistemática |
| 590 ## - LOCAL NOTE (RLIN) | |
| Local note | niveau_biblio:m niveau_hierar:0 |
| 942 ## - ADDED ENTRY ELEMENTS (KOHA) | |
| Koha item type | |
| Withdrawn status | Lost status | Damaged status | Not for loan | Home library | Current library | Shelving location | Date acquired | Total checkouts | Full call number | Barcode | Date last seen | Price effective from | Koha item type |
|---|---|---|---|---|---|---|---|---|---|---|---|---|---|
| Biblioteca Prof. Eusebio Cleto del Rey | Biblioteca Prof. Eusebio Cleto del Rey | 07/04/2026 | 101.1 D576 | L20546 | 07/04/2026 | 07/04/2026 | Libro |